| Tag |
First Indicator |
Second Indicator |
Subfields |
| LEADER |
00000cam a2200000 4500 |
| 001 |
in00001301413 |
| 005 |
20151005050721.0 |
| 008 |
801204s1915 nyu 000 0 eng |
| 010 |
|
|
|a 16002253
|
| 035 |
|
|
|a (OCoLC)06999014
|
| 035 |
|
|
|9 AHA3949AM
|
| 037 |
|
|
|c $0.75
|
| 040 |
|
|
|a DLC
|c DAY
|d TXA
|d UtOrBLW
|
| 041 |
1 |
|
|a eng
|a ger
|
| 049 |
|
|
|a TXAM
|
| 090 |
|
|
|a BV4905
|b .W5313 1915
|
| 100 |
1 |
|
|a Wibbelt, Augustin,
|d 1802-
|
| 240 |
1 |
0 |
|a Trostbüchlein vom Tode.
|l English
|
| 245 |
1 |
4 |
|a The blessed peace of death :
|b a little book of good cheer /
|c adapted from the German of Rev. Augustine Wibbelt ; [translated by A.M. Buchanan].
|
| 264 |
|
1 |
|a New York :
|b J.F. Wagner,
|c [1915]
|
| 264 |
|
4 |
|c ©1915
|
| 300 |
|
|
|a iv, 171 pages ;
|c 18 cm.
|
| 336 |
|
|
|a text
|b txt
|2 rdacontent
|
| 337 |
|
|
|a unmediated
|b n
|2 rdamedia
|
| 338 |
|
|
|a volume
|b nc
|2 rdacarrier
|
| 500 |
|
|
|a Translation of: Ein Trostbüchlein vom Tode.
|
| 650 |
|
0 |
|a Consolation.
|
| 700 |
1 |
|
|a Buchanan, Anna Maud,
|e translator.
|
| 999 |
|
|
|a MARS
|
| 999 |
f |
f |
|s 70a4aae5-0bb9-3197-b2a0-778cd80aca08
|i 41fa6e2c-2266-309a-a904-2a77dc440c34
|t 0
|
| 952 |
f |
f |
|p ric
|a Texas A&M University
|b Rellis Campus
|c Joint Library Facility
|d Remote Storage
|t 0
|e BV4905 .W5313 1915
|h Library of Congress classification
|i unmediated -- volume
|m A14820015268
|
| 998 |
f |
f |
|a BV4905 .W5313 1915
|t 0
|l Remote Storage
|